000 005210000a22001810004500
003 MACL
005 20160223125749.0
008 160223b xxu||||| |||| 00| 0 eng d
040 _aMACL
_cMACL
041 _aHindi
082 _a520
100 _aहार्लो शेपली
_939555
245 _aतारे और मनुष्‍य
260 _bहिन्‍दी समिति
_c1962
_aउत्‍तर प्रदेश
350 _a6
650 _aAstronomy
_939593
942 _cHIN
_k520
_2ddc
999 _c25455
_d25455